000 01334nam a22002777a 4500
001 EPSA 0293
003 gtcocun
005 20250908200058.0
006 a||||gr|||| 00| 0
007 ta
008 250908b2024 gt ||||| m||| 00| 0 eng d
040 _agtcocun
_bSPA
_cgtcocun
_eRDA
041 _aSPA EPSA 0293
084 _0EPSA 0293
100 _aIzaguirre García, Mildred Anabella
_eAutor
245 _aINFORME FINAL DEL EJERCICIO PROFESIONAL SUPERVISADO, REALIZADO EN FERRETRERIA FEMACO COBÁN ALTA VERAPAZ/
_cMildred Anabella Izaguirre García
_hImpreso
264 _aCobán, Alta Verapaz:
_bUniversidad de San Carlos de Guatemala, Centro Universitario del Norte, Licenciatura en Administración de Empresas
_c2024
300 _a48 p.:
_bIlustraciones, gráficas.
_c28 cm;
502 _eEPSA 0293
502 _aEjercicio Profesional Supervisado
_bLicenciatura en Administración de Empresas,
_cUniversidad de San Carlos de GLicenciatura en Administración de Empresasuatemala, Centro Universitario del Norte,
_d2024
_oEPSA 0293
650 1 4 _2LEMB
_aCobán, Alta Verapaz
_xAdministración
_xAnálisis
_xEmpresa
_xMercado
_xObjetivos
_xOperaciones
700 _aLcda. Aura Violeta Hércules Recinos
_eAsesor
856 _uSin archivo en línea.
_zSin archivo en línea.
942 _2ddc
_cTES
_kClasificación
_nno
999 _c1755
_d1755